000
00312nam a22001337a 4500
008
190305b xxu||||| |||| 00| 0 eng d
020
_a
394400267
041
_a
eng
080
_a
941
100
_a
16
101
_a
HIS
245
_a
A Distant Mirror. The Calmitous 14th Century
_c
Tuchman, B.W
942
_2
udc
_c
BK
999
_c
54528
_d
54528